<?xml version="1.0" encoding="UTF-8"?>
<collection xmlns="http://www.loc.gov/MARC21/slim">
 <record>
  <leader>00915cam a2200265 7i4500</leader>
  <controlfield tag="001">0000131314</controlfield>
  <controlfield tag="005">20180920090000.0</controlfield>
  <controlfield tag="008">180826s2016    enka    x     0     eng   </controlfield>
  <datafield tag="020" ind1="#" ind2="0">
   <subfield code="a">1782623205 (hbk) </subfield>
  </datafield>
  <datafield tag="020" ind1="#" ind2="0">
   <subfield code="a">9781782623205 (hbk) </subfield>
  </datafield>
  <datafield tag="040" ind1="#" ind2="#">
   <subfield code="a">Ohiolink</subfield>
  </datafield>
  <datafield tag="090" ind1="0" ind2="0">
   <subfield code="a">QD 716 .P45 </subfield>
   <subfield code="b">N6 2016</subfield>
  </datafield>
  <datafield tag="100" ind1="1" ind2="#">
   <subfield code="a">Nosaka, Yoshio </subfield>
   <subfield code="e">author </subfield>
  </datafield>
  <datafield tag="245" ind1="1" ind2="0">
   <subfield code="a">Introduction to photocatalysis : </subfield>
   <subfield code="b">from basic science to applications  </subfield>
   <subfield code="c">Yoshio Nosaka and Atsuko Nosaka.</subfield>
  </datafield>
  <datafield tag="264" ind1="#" ind2="1">
   <subfield code="a">Cambridge: </subfield>
   <subfield code="b">Royal Society Of Chemistry, </subfield>
   <subfield code="c">2016.</subfield>
  </datafield>
  <datafield tag="264" ind1="#" ind2="4">
   <subfield code="c">♭ 2016.</subfield>
  </datafield>
  <datafield tag="300" ind1="#" ind2="#">
   <subfield code="a">xiv, 258 pages: </subfield>
   <subfield code="b">illustrations; </subfield>
   <subfield code="c">24 cm..</subfield>
  </datafield>
  <datafield tag="336" ind1="#" ind2="#">
   <subfield code="a">text</subfield>
   <subfield code="2">rdacontent</subfield>
  </datafield>
  <datafield tag="337" ind1="#" ind2="#">
   <subfield code="a">unmediated</subfield>
   <subfield code="2">rdamedia</subfield>
  </datafield>
  <datafield tag="338" ind1="#" ind2="#">
   <subfield code="a">volume</subfield>
   <subfield code="2">rdacarrier</subfield>
  </datafield>
  <datafield tag="504" ind1="0" ind2="0">
   <subfield code="a">Includes bibliographical references and index</subfield>
  </datafield>
  <datafield tag="590" ind1="#" ind2="#">
   <subfield code="a">Pusat Pengajian Sains Asas</subfield>
  </datafield>
  <datafield tag="650" ind1="0" ind2="0">
   <subfield code="a">Photocatalysis </subfield>
  </datafield>
  <datafield tag="700" ind1="1" ind2="1">
   <subfield code="a">Nosaka, Atsuko </subfield>
  </datafield>
  <datafield tag="999" ind1=" " ind2=" ">
   <subfield code="a">1100103562</subfield>
   <subfield code="b">Book</subfield>
   <subfield code="c">Open Shelf</subfield>
   <subfield code="e">KOLEKSI TERBUKA</subfield>
  </datafield>
 </record>
</collection>
